The Sultan of Vezirs : The Life and Times of the Ottoman Grand Vezir Mahmud Pasha Angeloviů (1453-1474) /
Mahmud Pasha Angelovic served as Grand Vezir under Sultan Mehmed II, in the years following the Ottoman conquest of Constantinople, which were marked by an extensive imperial project, transforming the Ottoman principality into an empire. This book attempts to piece together the available evidence on...
Main Author:
Format: eBook
Language: English
Published:
Leiden; Boston :
BRILL,
2001.
Series:
Brill Book Archive Part 1, ISBN: 9789004472495.
The Ottoman Empire and its Heritage ;
24.
Subjects:
Online Access: Login to view Source
Tags: Add Tag
Call Number: DR501
| LEADER | 03015nam a22005298i 4500 | ||
|---|---|---|---|
| 001 | BRILL9789004492332 | ||
| 003 | nllekb | ||
| 005 | 20211118221659.0 | ||
| 006 | m d | ||
| 007 | cr un uuuua | ||
| 008 | 200716s2001 ne sb 001 0 eng d | ||
| 010 | |z 2001025990 | ||
| 020 | |a 9789004492332 |q (electronic book) | ||
| 020 | |a 9789004121065 |q (print) | ||
| 024 | 7 | |a 10.1163/9789004492332 |2 DOI | |
| 035 | |a (OCoLC)646142193 | ||
| 040 | |a NL-LeKB |c NL-LeKB |e rda | ||
| 043 | |a a-tu--- | ||
| 050 | 0 | 0 | |a DR501 |
| 072 | 7 | |a HBJF1 |2 bicssc | |
| 072 | 7 | |a HIS |x 003000 |2 bisacsh | |
| 072 | 7 | |a HIS |x 026000 |2 bisacsh | |
| 082 | 0 | 0 | |a 956.1/01/092 |a B |2 21 |
| 100 | 1 | |a Stavrides, Theoharis |e author. | |
| 245 | 1 | 4 | |a The Sultan of Vezirs : |b The Life and Times of the Ottoman Grand Vezir Mahmud Pasha Angeloviů (1453-1474) / |c Theoharis Stavrides. |
| 246 | 3 | |a The Life and Times of the Ottoman Grand Vezir Mahmud Pasha Angeloviů (1453-1474) | |
| 264 | 1 | |a Leiden; |a Boston : |b BRILL, |c 2001. | |
| 300 | |a 1 online resource. | ||
| 336 | |a text |b txt |2 rdacontent | ||
| 337 | |a computer |b c |2 rdamedia | ||
| 338 | |a online resource |2 rdacarrier | ||
| 490 | 1 | |a Brill Book Archive Part 1, ISBN: 9789004472495 | |
| 490 | 1 | |a The Ottoman Empire and its Heritage ; |v 24 | |
| 504 | |a Includes bibliographical references and index. | ||
| 520 | |a Mahmud Pasha Angelovic served as Grand Vezir under Sultan Mehmed II, in the years following the Ottoman conquest of Constantinople, which were marked by an extensive imperial project, transforming the Ottoman principality into an empire. This book attempts to piece together the available evidence on Mahmud Pasha's Byzantine descent and family network, as well as his multi-faceted contribution to the founding of the new empire, through military leadership, diplomatic practices and architectural and literary patronage, considering also his execution and the creation of a posthumous legend presenting him as a martyr. Using Ottoman, Greek and Western sources, as well as archival material, this study focuses on the period of transition from Byzantine to Ottoman Empire and would be of interest to historians and other specialists studying that period. | ||
| 588 | |a Description based on print version record. | ||
| 600 | 1 | 0 | |a Mahmut Pasha, |d -1474. |
| 600 | 0 | 0 | |a Mahmut Paşa, |d -1474. |
| 650 | 0 | |a 1559 history of great parts of the world, peoples, civilizations: other. | |
| 651 | 0 | |a Turkey |x History |y Mehmed II, 1451-1481. | |
| 776 | 0 | 8 | |i Print version: |t The Sultan of Vezirs : The Life and Times of the Ottoman Grand Vezir Mahmud Pasha Angeloviů (1453-1474). |d Leiden ; Boston : BRILL, 2001 |z 9789004121065 |w (OCoLC)46640850 |
| 830 | 0 | |a Brill Book Archive Part 1, ISBN: 9789004472495. | |
| 830 | 0 | |a The Ottoman Empire and its Heritage ; |v 24. | |
| 856 | 4 | |z DOI: |u http://dx.doi.org/10.1163/9789004492332 | |
| 942 | |2 lcc |c EBOOK | ||
| 952 | |0 0 |1 0 |2 lcc |4 0 |7 1 |9 22524 |a BRILL |b BRILL |d 2021-11-18 |l 0 |r 2021-11-18 00:00:00 |w 2021-11-18 |y EBOOK | ||
| 999 | |c 39998 |d 39998 | ||
